Mỗi ngày một bài học 365 triết lý hay nhất về kinh doanh và cuộc sống của người Nhật

Gồm những câu chuyện liên quan đến cuộc đời và công việc kinh doanh mà lúc sinh thời Matsushita Konosuke - Chủ tịch tập đoàn Panasonic từng viết hoặc chuyện trò, mang lại sự động viên để mỗi chúng ta có thể đối mặt với những khó khăn, phiê...

Descrizione completa

Salvato in:
Dettagli Bibliografici
Autore principale: Matshushita Konosuke
Altri autori: An Nhiên
Natura: Libro
Lingua:Undetermined
Pubblicazione: H. Thế giới; Công ty Sách Alpha 2016
Soggetti:
Accesso online:http://lrc.tdmu.edu.vn/opac/search/detail.asp?aID=2&ID=29794
Tags: Aggiungi Tag
Nessun Tag, puoi essere il primo ad aggiungerne! !
Thư viện lưu trữ: Trung tâm Học liệu Trường Đại học Thủ Dầu Một
LEADER 01352nam a2200229Ia 4500
001 TDMU_29794
008 210410s9999 xx 000 0 und d
082 |a 398.209 59786 
090 |b M110 
100 |a Matshushita Konosuke 
245 0 |a Mỗi ngày một bài học 
245 0 |b 365 triết lý hay nhất về kinh doanh và cuộc sống của người Nhật 
245 0 |c Matshushita Konosuke; An Nhiên (dịch) 
260 |a H. 
260 |b Thế giới; Công ty Sách Alpha 
260 |c 2016 
300 |a 430tr. 
520 |a Gồm những câu chuyện liên quan đến cuộc đời và công việc kinh doanh mà lúc sinh thời Matsushita Konosuke - Chủ tịch tập đoàn Panasonic từng viết hoặc chuyện trò, mang lại sự động viên để mỗi chúng ta có thể đối mặt với những khó khăn, phiền muộn trong công việc hay trong quan hệ giữa người với người 
650 |a Kinh doanh  |x Bí quyết thành công  |x Cuộc sống; Tâm lí học ứng dụng  |x Bí quyết thành công 
700 |a An Nhiên 
856 |u http://lrc.tdmu.edu.vn/opac/search/detail.asp?aID=2&ID=29794 
980 |a Trung tâm Học liệu Trường Đại học Thủ Dầu Một